| 000 | 00716nam a2200241 4500 | ||
|---|---|---|---|
| 003 | OSt | ||
| 005 | 20260601193851.0 | ||
| 008 | 260506t2000 fr a|||| |||| 00| 0 fre d | ||
| 040 |
_aICI _bspa _cICI |
||
| 041 | _afre | ||
| 050 |
_aNK2715 _bH33 |
||
| 100 | 1 |
_ahabitat Sue Skeen _932328 |
|
| 245 | 1 | _aHabitat 1999/2000 Catalogue Annuel remboursé au 1er acaht de 100f | |
| 264 |
_a[Francia] : _bHabitat Enterprises, _c2000 |
||
| 300 |
_a199 páginas : _bilustraciones |
||
| 336 |
_atexto _2rdacontent |
||
| 337 |
_asin medio _2rdamedia |
||
| 338 |
_avolumen _2rdacarrier |
||
| 650 | _aDecoración de interiores. | ||
| 650 | _aDiseño industrial. | ||
| 650 |
_aCatálogos comerciales. _932329 |
||
| 942 |
_2lcc _cB _n1 |
||
| 999 |
_c21859 _d21859 |
||